Passive solar heating analysis : a design manual

Saved in:
Bibliographic Details
Main Author: Balcomb, J. Douglas
Corporate Author: Los Alamos National Laboratory
Format: Book
Language:English
Published: Atlanta : American Society of Heating, Refrigerating and Air-conditioning Engineers, 1984
Subjects:
Tags: Add Tag
No Tags, Be the first to tag this record!

MARC

LEADER 00000nam a2200000 i 4500
001 1/1753
008 950714s1984 eng d
020 |a 0-910110-38-7 
035 |l 10014563 
040 |a GR-MY-UA  |b gre  |e aacr 
041 0 |a eng 
082 0 |a 621.47 
100 1 |a Balcomb, J. Douglas. 
110 2 |a Los Alamos National Laboratory. 
245 1 0 |a Passive solar heating analysis :  |b a design manual /  |c J. Douglas Balcomb...[et al] 
260 |a Atlanta :   |b American Society of Heating, Refrigerating and Air-conditioning Engineers,   |c 1984 
300 |a Irregular paging  |b Fig., maps, tables 
650 0 0 |a Solar energy. 
650 0 0 |a Solar heating. 
852 |a INST  |b LESVOS  |e 19950714  |h 621.47 BAL  |p 005100007667  |q 005100007667  |t BK  |y 0 
909 |a Λ  |b 023327 
922 |a 1ΕΛΗ  |b 199205  |c ΠΠ/1109 
970 |z 2000/06/ΟΙΚΟΝΟΜΟΠΟΥΛΟΥ ΧΡΙΣΤΙΝΑ